Lista lektur obowiązkowych matura 2023 - Statystyki

Ogólne statystyki
  • Ten quiz został rozwiązany 69 razy
  • Średni wynik to 7 z 21
Statystyki odpowiedzi
odpowiedź % Poprawnych
Lalka
86%
Wesele
62%
Potop
60%
Kordian
55%
Przedwiośnie
52%
Tango
48%
Dziady cz. II
40%
Dżuma
40%
Zbrodnia i kara
40%
Konrad Wallenrod
34%
Rok 1984
28%
Inny świat
26%
Zdążyć przed Panem Bogiem
26%
Proszę państwa do gazu
22%
Ludzie, którzy szli
17%
Miejsce
17%
Górą Edek
16%
Profesor Andrews w Warszawie
14%
Gloria victis
12%
Katedra
9%
Raport o stanie wojennym
7%
Nie znaleziono quizów pasujących do podanych kryteriów
Rozkład punktacji
Procent ludzi z każdym wynikiem
Percentyl według liczby udzielonych odpowiedzi
Twoja historia wyników
Nie rozwiązałeś tego quizu